01530nam a2200349 a 4500001001200000003000800012006001900020007001500039008004100054020001800095020002700113040002100140035002100161050002500182100002100207245011600228260007500344300001700419504004100436505017900477533015200656650004400808650003800852650003200890650002600922655002900948700002000977700002300997710001701020856012601037999001701163ebr10568855CaPaEBRm u cr cn|||||||||120618s2009 qea sb 000 0 eng d z9781921513312 z9781921513329 (e-book) aCaPaEBRcCaPaEBR a(OCoLC)79466406214aRC467.7b.P45 2009eb1 aPelling, Nadine.14aThe practice of clinical supervisionh[electronic resource] /cNadine Pelling, John Barletta, Philip Armstrong. aBowen Hills, Qld. :bAustralian Academic Press,c2009g(2011 printing) axxii, 388 p. aIncludes bibliographical references.0 asection 1. Introduction -- section 2. Professional issues -- section 3. Approaches -- section 4. People -- section 5. Evaluation -- section 6. Emerging and specialist issues. aElectronic reproduction.bPalo Alto, Calif. :cebrary,d2011.nAvailable via World Wide Web.nAccess may be limited to ebrary affiliated libraries. 0aClinical psychologistsxSupervision of. 0aPsychotherapistsxSupervision of. 0aCounselorsxSupervision of. 0aPersonnel management. 7aElectronic books.2local1 aBarletta, John.1 aArmstrong, Philip.2 aebrary, Inc.40uhttp://site.ebrary.com/lib/rucke/Doc?id=10568855zAn electronic book accessible through the World Wide Web; click to view c81791d81791